000 00596nam a2200217 i 4500
001 C2-0257045
003 PPAK
005 20180727224213.0
008 040810s1997 nyua|||| ||||| | eng d
020 _a0736420967
040 _aPPAK
_beng
_cPPAK
_erda
082 0 4 _a823
_223
090 0 0 _a823
_bWAL
_dK
245 0 0 _aWalt Disney's : The jungle book
264 1 _aNew York :
_bA Little Golden Book ,
_c1997 ; 2003
300 _a[23 pages] :
_bcolour illustrations ;
_c20 cm
336 _2rdacontent
_atext
337 _2rdamedia
_aunmediated
338 _2rdacarrier
_avolume
942 _ddc
_cB
999 _c69039
_d69039